00295nam a2200121 450000500170000000800070001702000150002405000190003910000180005824500550007626000270013130000150015820260212163312.0cuc123 a8174872310 aHF 5549 DAWb1 aDAWRA, Sudhir aHuman resource management and personnel management aNew DelhibRADHAc2001 aViii, 416p